UM Logo

Microsoft office document designer: (Record no. 3196)

MARC details
000 -LEADER
fixed length control field 00677nam a2200181 4500
008 - FIXED-LENGTH DATA ELEMENTS--GENERAL INFORMATION
fixed length control field 160628b xxu||||| |||| 00| 0 eng d
020 ## - INTERNATIONAL STANDARD BOOK NUMBER
International Standard Book Number 9780735620377
082 ## - DEWEY DECIMAL CLASSIFICATION NUMBER
Edition number 2005
Classification number DC 005.36
Item number K89m
100 ## - MAIN ENTRY--PERSONAL NAME
9 (RLIN) 10674
Personal name Krieger, Stephanie
245 ## - TITLE STATEMENT
Title Microsoft office document designer:
Remainder of title your easy-to-use toolkit and complete how-to source for professional-quality documets/
Statement of responsibility, etc. Stephanie Krieger.
260 ## - PUBLICATION, DISTRIBUTION, ETC. (IMPRINT)
Place of publication, distribution, etc. Washington:
Name of publisher, distributor, etc. Microsoft Press,
Date of publication, distribution, etc. c2005.
300 ## - PHYSICAL DESCRIPTION
Extent ix, 163 pages:
Other physical details color illustrations;
Dimensions 18 cm.
500 ## - GENERAL NOTE
General note Includes appendix and indexes.
650 #0 - SUBJECT ADDED ENTRY--TOPICAL TERM
9 (RLIN) 10678
Topical term or geographic name as entry element Microsoft office
650 #0 - SUBJECT ADDED ENTRY--TOPICAL TERM
9 (RLIN) 10679
Topical term or geographic name as entry element Application software
365 ## - TRADE PRICE
Price type code Php
Price amount 2, 998.00
942 ## - ADDED ENTRY ELEMENTS (KOHA)
Source of classification or shelving scheme Dewey Decimal Classification
Koha item type Circulation
Holdings
Withdrawn status Lost status Source of classification or shelving scheme Damaged status Not for loan Collection code Home library Current library Date acquired Source of acquisition Total Checkouts Full call number Barcode Date last seen Price effective from Koha item type
    Dewey Decimal Classification     Circulation UM Digos College - LIC UM Digos College - LIC 03/15/2007 Purchased   DC 005.36 K89m 2005 18900 05/15/2025 06/28/2016 Circulation